000 00328nam a2200157Ia 4500
100 _aTheraja/Reema
650 _aC
942 _cBK
366 _f25
245 _aData structures using C
260 _bOxford university press
_c2011
082 _a5.72
_bTHE
300 _a656
546 _aENGLISH
_cComputers
999 _c23683
_d23683